| 000 | 01717ncm0a2200433 4500 | ||
|---|---|---|---|
| 001 | RU\NLR\ONIZ\211096 | ||
| 005 | 20250624195338.0 | ||
| 010 | _a978-5-9720-0083-8 | ||
| 021 |
_aRU _b07-157 _907-8 |
||
| 021 |
_aRU _b08-230 _908-13 |
||
| 035 | _aRU\NLR\ONIZ\GALA\5000021275\20150408135614 | ||
| 035 | _a(NLR Aleph) 010890692 | ||
| 071 | 2 | 0 | _a0072 |
| 090 |
_a10551567 _c10551567 |
||
| 100 | _a20150408d2007 |||y0rusy50 ca | ||
| 101 | 0 | _arus | |
| 102 | _aRU | ||
| 125 | _aax | ||
| 200 | 1 |
_aВальс-скерцо _bНоты _dValse-scherzo _eдля скрипки с орк. _eсоч. 34 _e(ЧС 60) _zita _fП. И. Чайковский _gобраб. для скрипки с фп. В. Безекирского |
|
| 208 | _aКлавир | ||
| 210 |
_aМосква _cП. Юргенсон _d2007 |
||
| 215 |
_a12 с., 1 парт. (8 с.) _d29 см |
||
| 225 | 1 |
_aEdition Jurgenson _vJ 0072 |
|
| 686 |
_aЩ955.4-42-095-056(28) _vLBC/SL _2rubbk |
||
| 700 | 1 |
_9z01790 _aЧайковский _bП. И. _f1840-1893 _gПетр Ильич _4230 _7ca |
|
| 702 | 1 |
_9z02790 _aБезекирский _bВ.В. _f1835-1919 _gВасилий Васильевич _4340 |
|
| 790 | 1 |
_9z01700 _aChajkovskij _bP. I. _f1840-1893 _gPyotr Il`ich _4230 |
|
| 790 | 1 |
_9z02702 _aBezekirskij _bV. V. _f1835-1919 _gVasilij Vasil`evich _4340 |
|
| 801 | 0 |
_aRU _bNLR _c20150408 _gPSBO |
|
| 801 | 1 |
_aRU _bNLR _c20150408 _2rusmarc |
|
| 801 | 2 |
_aRU _bNLR _c20190630 |
|
| 852 |
_aNLR _bМ _jК-3/24951 _pМОЭ 2007-8/157 _t1 |
||
| 852 |
_aNLR _bМ _jК-3/24301 _pМОЭ 2008-13/230 _t2 |
||
| 852 |
_aNLR _bМ _jК-3/24951а _pМОЭ 2007-8/157а _t3 |
||
| 852 |
_aNLR _bМ _jК-3/24301а _pМОЭ 2008-13/230а _t4 |
||
| 942 | _cSCORE | ||
| 980 | _aNB | ||
| 980 | _aONIZ | ||